Rébus - Spécial Noël - Statistiques

Statistiques générales
  • Ce quiz a été pris 2 631 fois
  • Le résultat moyen est 5 sur 9
Statistiques - réponses
Par images Réponse % Correct
Décoration
83%
Cadeau
70%
Sucre d'orge
64%
Chataigne
62%
Pere noel
58%
Papillote
57%
Traineau
42%
Lutin
30%
Guirlande
28%
Aucun quiz correspondant
Distribution des résultats
% des personnes avec chaque résultat
Percentile par nombre de réponses
Votre historique - résultats
Vous n’avez pas pris ce quiz